<?xml version="1.0" encoding="UTF-8"?>
<record
    xmlns:xsi="http://www.w3.org/2001/XMLSchema-instance"
    xsi:schemaLocation="http://www.loc.gov/MARC21/slim http://www.loc.gov/standards/marcxml/schema/MARC21slim.xsd"
    xmlns="http://www.loc.gov/MARC21/slim">

  <leader>02079nam a22002771i 4500</leader>
  <controlfield tag="005">20201209113909.0</controlfield>
  <controlfield tag="008">201209t20202016at a|||g  ||| 000 0 eng d</controlfield>
  <datafield tag="020" ind1=" " ind2=" ">
    <subfield code="a">9780730385394</subfield>
    <subfield code="c">RM 60.20</subfield>
    <subfield code="q">paperback</subfield>
  </datafield>
  <datafield tag="040" ind1=" " ind2=" ">
    <subfield code="a">PPAK</subfield>
    <subfield code="b">eng</subfield>
    <subfield code="c">PPAK</subfield>
    <subfield code="e">rda</subfield>
  </datafield>
  <datafield tag="082" ind1="0" ind2="4">
    <subfield code="2">23</subfield>
    <subfield code="a">158.1</subfield>
  </datafield>
  <datafield tag="090" ind1="0" ind2="0">
    <subfield code="a">158.1</subfield>
    <subfield code="b">HEL</subfield>
    <subfield code="d">G</subfield>
  </datafield>
  <datafield tag="100" ind1="1" ind2=" ">
    <subfield code="a">Helder, Chris,</subfield>
    <subfield code="e">author.</subfield>
  </datafield>
  <datafield tag="245" ind1="1" ind2="0">
    <subfield code="a">USEFUL BELIEF :</subfield>
    <subfield code="b">BECAUSE IT'S BETTER THAN POSITIVE THINKING /</subfield>
    <subfield code="c">CHRIS HELDER</subfield>
  </datafield>
  <datafield tag="264" ind1=" " ind2="1">
    <subfield code="a">McDougall St, Milton Qld :</subfield>
    <subfield code="b">John Wiley &amp; Sons Australia, Ltd.,</subfield>
    <subfield code="c">2020</subfield>
  </datafield>
  <datafield tag="264" ind1=" " ind2="4">
    <subfield code="c">&#xA9;2016</subfield>
  </datafield>
  <datafield tag="300" ind1=" " ind2=" ">
    <subfield code="a">xiii, 119 pages :</subfield>
    <subfield code="b">illustration(black and white) ;</subfield>
    <subfield code="c">18 cm.</subfield>
  </datafield>
  <datafield tag="336" ind1=" " ind2=" ">
    <subfield code="2">rdacontent</subfield>
    <subfield code="a">text</subfield>
  </datafield>
  <datafield tag="337" ind1=" " ind2=" ">
    <subfield code="2">rdamedia</subfield>
    <subfield code="a">unmediated</subfield>
  </datafield>
  <datafield tag="338" ind1=" " ind2=" ">
    <subfield code="2">rdacarrier</subfield>
    <subfield code="a">volume</subfield>
  </datafield>
  <datafield tag="505" ind1="0" ind2=" ">
    <subfield code="a">Useful past --
Useful present --
Useful future --
From useful belief to useful action --Useful final thoughts.</subfield>
  </datafield>
  <datafield tag="520" ind1=" " ind2=" ">
    <subfield code="a">	
Useful Belief turns the "be positive" industry upside down with a fresh and modern approach to achievement. Sometimes things in life are not positive. Sometimes bad things happen to good people. If you've had a nightmare of a year, the last thing you want to hear is "Be positive!" Instead, you need an actual strategy to dig yourself out, and a truly useful guidebook to show you where to go next. This is that guidebook. Through the engaging tale of a business traveller and the three significant encounters on his journey, this book takes you on a journey of your own -- to self awareness, and an improved approach to business, parenting and relationships. You'll learn how thinking "useful" is better than thinking "positive", and you'll uncover the utility of your past, present and future challenges. You'll undergo a major shift in the way you solve your problems, and you'll learn how to navigate your way out of ambiguity and toward success. If you have challenges at work right now, just deciding to "be positive" will not fix them. Useful belief and strategy will.</subfield>
  </datafield>
  <datafield tag="650" ind1="1" ind2="0">
    <subfield code="a">Self-actualization (Psychology).</subfield>
  </datafield>
  <datafield tag="650" ind1="2" ind2="0">
    <subfield code="a">Self-consciousness (Awareness).</subfield>
  </datafield>
  <datafield tag="650" ind1="2" ind2="0">
    <subfield code="a">Belief change.</subfield>
  </datafield>
  <datafield tag="942" ind1=" " ind2=" ">
    <subfield code="2">ddc</subfield>
    <subfield code="c">B</subfield>
  </datafield>
  <datafield tag="999" ind1=" " ind2=" ">
    <subfield code="c">180447</subfield>
    <subfield code="d">180447</subfield>
  </datafield>
  <datafield tag="952" ind1=" " ind2=" ">
    <subfield code="0">0</subfield>
    <subfield code="7">0</subfield>
    <subfield code="b">PPAK</subfield>
    <subfield code="c">G</subfield>
    <subfield code="d">2021-01-06</subfield>
    <subfield code="l">5</subfield>
    <subfield code="o">158.1 HEL</subfield>
    <subfield code="p">A01665495</subfield>
    <subfield code="q">2026-05-16</subfield>
    <subfield code="r">2026-04-25 15:33:15</subfield>
    <subfield code="s">2026-04-25</subfield>
    <subfield code="y">B</subfield>
  </datafield>
  <datafield tag="952" ind1=" " ind2=" ">
    <subfield code="0">0</subfield>
    <subfield code="7">0</subfield>
    <subfield code="b">SP</subfield>
    <subfield code="c">G</subfield>
    <subfield code="d">2021-01-06</subfield>
    <subfield code="o">158.1 HEL</subfield>
    <subfield code="p">A01665496</subfield>
    <subfield code="r">2021-01-06 00:00:00</subfield>
    <subfield code="y">B</subfield>
  </datafield>
  <datafield tag="952" ind1=" " ind2=" ">
    <subfield code="0">0</subfield>
    <subfield code="7">0</subfield>
    <subfield code="b">KM</subfield>
    <subfield code="c">G</subfield>
    <subfield code="d">2021-01-06</subfield>
    <subfield code="l">1</subfield>
    <subfield code="o">158.1 HEL</subfield>
    <subfield code="p">A01665497</subfield>
    <subfield code="r">2023-07-26 10:03:52</subfield>
    <subfield code="s">2023-06-20</subfield>
    <subfield code="y">B</subfield>
  </datafield>
</record>
